| 000 | 00550nam a22001697a 4500 | ||
|---|---|---|---|
| 003 | OSt | ||
| 005 | 20171010095456.0 | ||
| 008 | 120705t xxu||||| |||| 00| 0 eng d | ||
| 040 |
_aMMSU _cULS |
||
| 100 |
_aCastro, Michelle T. _910978 |
||
| 245 |
_aShifting roles and aspirations of OFW families _cMichelle T. Castro |
||
| 260 | _c2008 | ||
| 300 |
_axiii, 74 leaves _c28 cm. |
||
| 500 | _aThesis (AB Sociology) -- Mariano Marcos State University-College of Arts & Sciences, Batac City | ||
| 504 | _aBibliography: leaves 55-56 | ||
| 942 |
_2ddc _cTHEDIS |
||
| 999 |
_c9622 _d9622 |
||